000
00299nam a22001217a 4500
008
180215b xxu||||| |||| 00| 0 eng d
041
_a
eng
080
_a
611.085
100
_a
9
101
_a
HIS
245
_a
Histological typing of endocrine tumours
_c
World health organization
942
_2
udc
_c
BK
999
_c
42652
_d
42652